| 000 | 00679cam a2200229 a 4500 | ||
|---|---|---|---|
| 001 | 16344139 | ||
| 005 | 20180125065344.0 | ||
| 008 | 100722s2011 nyua 001 0 eng | ||
| 010 | _a 2010030759 | ||
| 020 | _a9780078110825 (alk. paper) | ||
| 020 | _a0078110823 (alk. paper) | ||
| 040 |
_aDLC _cDLC |
||
| 041 | _aeng | ||
| 080 | _a657 dav | ||
| 082 | 0 | 0 |
_a657 dav _222 |
| 100 | 1 | _a62 | |
| 101 | _akon | ||
| 245 | 1 | 0 |
_aFinancial accounting / _cJ. David Spiceland, Wayne Thomas, Don Herrmann. |
| 906 |
_a7 _bcbc _corignew _d1 _eecip _f20 _gy-gencatlg |
||
| 942 |
_2ddc _cBK |
||
| 999 |
_c40922 _d40922 |
||